Countries of the Polish-Lithuanian Commonwealth - Statistics

General Stats
  • This quiz has been taken 627 times
  • The average score is 8 of 9
Answer Stats
Countries % Correct
Lithuania
97%
Poland
97%
Latvia
94%
Russia
94%
Belarus
90%
Estonia
90%
Ukraine
90%
Slovakia
71%
Moldova
65%
No matching quizzes found
Score Distribution
Percent of People with Each Score
Percentile by Number Answered
Your Score History
You have not taken this quiz